[Event "Zuerich op"]
[Site "Zuerich"]
[Date "1990.??.??"]
[Round "?"]
[White "Titz, Heimo"]
[Black "Klinger, Josef"]
[Result "0-1"]
[WhiteElo "2245"]
[BlackElo "2475"]

1.c4 c5 2.Nf3 Nf6 3.Nc3 e6 4.g3 Be7 5.Bg2 O-O 6.O-O a6 7.d4 cxd4 8.Nxd4 Qc7
9.Qd3 d6 10.b3 Nbd7 11.Bb2 Ne5 12.Qd2 Rd8 13.Rac1 Bd7 14.Rfd1 Rac8 15.Ne4 Ne8
16.Nf3 Nxf3+ 17.Bxf3 Qb8 18.Ba3 Bc6 19.Ng5 h6 20.Ne4 f5 21.Nc3 Bg5 22.Qd3 Bxc1
23.Rxc1 Bxf3 24.Qxf3 b5 25.cxb5 axb5 26.Bb4 d5 27.a3 d4 28.Na2 Rxc1+ 29.Nxc1 Nf6
30.Nd3 Qa8 31.Qf4 Qd5 32.Be7 Nh5 33.Qh4 Rd7 34.b4 Qe4 35.Qxh5 Rxe7 36.Nc5 Qe5
37.h4 Qf6 38.Qf3 e5 39.Qd3 f4 40.Qxb5 fxg3 41.fxg3 e4 42.Qc4+ Kh8 43.Qd5 Rf7
44.Nxe4 Qf1+ 45.Kh2 Qxe2+ 46.Kh3 Qf1+ 47.Kg4 Qf3+ 48.Kh3 Rf4  0-1

[Event "Aarhus op"]
[Site "Aarhus"]
[Date "1991.??.??"]
[Round "1"]
[White "Hansen, Lars Bo"]
[Black "Madl, Ildiko"]
[Result "1-0"]
[WhiteElo "2525"]
[BlackElo "2380"]

1.c4 Nf6 2.Nc3 c5 3.Nf3 g6 4.d4 Bg7 5.e4 O-O 6.Be2 d6 7.O-O Nc6 8.d5 Na5
9.h3 e5 10.a3 b6 11.b4 Nb7 12.Nd2 Ne8 13.Nb3 f5 14.bxc5 dxc5 15.a4 Nbd6 16.a5 Ba6
17.Nd2 Nf6 18.Qc2 f4 19.Bb2 h5 20.axb6 axb6 21.Nb5 Nfe8 22.Nf3 Nf7 23.h4 Bxb5
24.cxb5 Ned6 25.Rxa8 Qxa8 26.Ra1 Qb8 27.g3 fxg3 28.fxg3 c4 29.Bc1 Qc8 30.Kg2 Qc5
31.Ra4 Qxb5 32.Bxc4 Rc8 33.Ra8 Qxc4 34.Qxc4 Rxa8 35.Qb3 Nxe4 36.d6 Nxd6 37.Ba3 Nf5
38.Ng5 Nh6 39.Be7 Re8 40.Qe6 b5 41.Qd7 Rb8 42.Qd5 Rc8 43.Bc5 e4 44.Qe6 Ra8
45.Kh3 e3 46.Qxg6 Nxg5+ 47.hxg5 Ng4 48.Bd4  1-0

[Event "Acasusso op"]
[Site "Acasusso"]
[Date "1991.??.??"]
[Round "2"]
[White "Gorisnic, Eduardo"]
[Black "Giardelli, Sergio C"]
[Result "1/2-1/2"]
[WhiteElo "2280"]
[BlackElo "2435"]

1.c4 c5 2.Nf3 Nf6 3.Nc3 g6 4.d4 cxd4 5.Nxd4 Bg7 6.e4 d6 7.Be2 O-O 8.Be3 a6
9.f3 e6 10.Nb3 Re8 11.Qd2 Nc6 12.Rd1 d5 13.cxd5 exd5 14.exd5 Nb4 15.Bc5 a5
16.O-O Bf5 17.Bb5 Bd7 18.Be2 a4 19.Bxb4 axb3 20.a3 Nh5 21.Ne4 Rc8 22.Rc1 Rc2
23.Rxc2 bxc2 24.Qxc2 f5 25.Nf2 Qh4 26.Nh3 Bd4+ 27.Nf2 f4 28.Bc4 Ng3 29.d6+ Kf8
30.Bc3 Be3 31.Re1 Bf5 32.d7 Bxd7 33.Bb4+ Kg7 34.Bc3+ Kh6 35.Rxe3 fxe3 36.Ng4+ Bxg4
37.hxg3 Qxg3 38.fxg4 e2 39.Bxe2 Qe3+ 40.Kf1 Rf8+ 41.Ke1 Qg1+ 42.Kd2 Rd8+
43.Bd3 Qxg2+ 44.Kc1 Qg1+ 45.Kd2 Qxg4 46.Kc1 Qg1+ 47.Kd2 Re8 48.Qd1 Qxd1+
49.Kxd1 g5 50.Be2 Kg6 51.Bd3+ Kh6 52.Be2 Kg6 53.Bd3+  1/2-1/2

[Event "Acasusso op"]
[Site "Acasusso"]
[Date "1991.??.??"]
[Round "10"]
[White "Llanos, Guillermo"]
[Black "Giardelli, Sergio C"]
[Result "1/2-1/2"]
[WhiteElo "2385"]
[BlackElo "2435"]

1.Nf3 Nf6 2.c4 e6 3.Nc3 c5 4.g3 b6 5.Bg2 Bb7 6.O-O Be7 7.d4 cxd4 8.Qxd4 d6
9.Rd1 a6 10.b3 Nbd7 11.e4 Qc7 12.Ba3 Nc5 13.e5 dxe5  1/2-1/2

[Event "Altensteig"]
[Site "Altensteig"]
[Date "1991.??.??"]
[Round "11"]
[White "Van der Sterren, Paul"]
[Black "Stangl, Markus"]
[Result "1/2-1/2"]
[WhiteElo "2485"]
[BlackElo "2490"]

1.Nf3 c5 2.c4 Nf6 3.Nc3 e6 4.g3 b6 5.Bg2 Bb7 6.O-O Nc6 7.b3 Be7 8.Bb2 O-O
9.d4 Nxd4 10.Nxd4 Bxg2 11.Kxg2 cxd4 12.Qxd4 Qc7 13.Qd3 Rfd8 14.Rac1 Rac8
15.Rfd1 d6 16.f4 Qb8 17.Qf3  1/2-1/2

[Event "Andorra op"]
[Site "Andorra"]
[Date "1991.??.??"]
[Round "?"]
[White "Lalic, Bogdan"]
[Black "Morris, Philip"]
[Result "1-0"]
[WhiteElo "2520"]
[BlackElo "2405"]

1.Nf3 Nf6 2.c4 c5 3.Nc3 d5 4.cxd5 Nxd5 5.d4 Nxc3 6.bxc3 g6 7.e4 Bg7 8.Rb1 O-O
9.Be2 b6 10.O-O Bb7 11.Qd3 cxd4 12.cxd4 Ba6 13.Qe3 Bxe2 14.Qxe2 e6 15.Bg5 Qd7
16.Rfd1 h6 17.Be3 Qa4 18.h4 h5 19.e5 Nc6 20.Bg5 Rfe8 21.Qe4 Rac8 22.Rd2 Ne7
23.Bxe7 Rxe7 24.g4 hxg4 25.Qxg4 Bh6 26.Re2 Rc2 27.Rxc2 Qxc2 28.Re1 Qxa2 29.h5 Qc2
30.Re4 b5 31.Kg2 b4 32.d5 exd5 33.Rxb4 Qf5 34.Qh4 Bf8 35.Rb8 g5 36.Qb4 Qe6
37.h6 Re8 38.h7+ Kh8 39.Qxf8+ Rxf8 40.Rxf8+ Kxh7 41.Nxg5+  1-0

[Event "Andorra op"]
[Site "Andorra"]
[Date "1991.??.??"]
[Round "?"]
[White "Kolev, Atanas"]
[Black "Magerramov, Elmar"]
[Result "1/2-1/2"]
[WhiteElo "2460"]
[BlackElo "2525"]

1.Nf3 Nf6 2.c4 c5 3.Nc3 e6 4.g3 Nc6 5.Bg2 d5 6.cxd5 Nxd5 7.d4 Be7 8.O-O O-O
9.e4 Nb6 10.d5 exd5 11.exd5 Nb4 12.Ne1 Nc4 13.a3 Na6 14.Ne4 Bf5 15.Bf4 Bxe4
16.Bxe4 Nd6 17.Bg2 c4 18.Rc1 Rc8 19.Qg4 Bf6 20.Bxd6 Qxd6 21.Rxc4 Rxc4 22.Qxc4 Bxb2
23.a4 Bf6 24.Nd3 Rb8 25.Rb1 Bd8 26.h4 h5 27.Bf3 g6 28.Kg2 Kh7 29.Re1 Bf6
30.Rb1 Kg7 31.Rb3 Kh7 32.Rb1 Bg7 33.Rb3 Bf8 34.Qd4 b6 35.Qc4 Nc7 36.Rc3 Ne8
37.Qa6 Bg7 38.Rc2 Qd7 39.Nb4 Nd6 40.Nc6 Ra8 41.Qd3 Kg8 42.Qe3 Re8 43.Qd3 Bf6
44.Re2 Rxe2 45.Qxe2 Qb7 46.Qe3 Kg7 47.Qf4 Nc8 48.g4 hxg4 49.Bxg4 Ne7 50.Nxe7 Bxe7
51.Bf3 Qd7 52.Qe5+ Bf6 53.Qe4 Qe7 54.Qxe7 Bxe7  1/2-1/2

[Event "Andorra op"]
[Site "Andorra"]
[Date "1991.??.??"]
[Round "?"]
[White "Eslon, Jaan"]
[Black "Vazquez, Rod"]
[Result "1/2-1/2"]
[WhiteElo "2390"]
[BlackElo "2460"]

1.Nf3 c5 2.c4 Nf6 3.Nc3 b6 4.d4 cxd4 5.Nxd4 Bb7 6.f3 e6 7.e4 d6 8.Be3 a6
9.Qd2 Be7 10.Be2 O-O 11.O-O Nbd7 12.Rfd1 Rc8 13.Rac1 Re8 14.Bf1 Qc7 15.b3 Bf8
16.Kh1 Qb8 17.Bg1 h6 18.Nc2 Be7 19.Nd4 Kh8 20.Na4 g5 21.b4 Rg8 22.Nb3 Bc6
23.Nc3 Ba8 24.Qe3 Bb7 25.a4 Ba8 26.Rb1 Ne5 27.c5 dxc5 28.bxc5 bxc5 29.Bxa6 Rc7
30.Bf1 Qf8 31.Nb5 Rc8 32.Qc3 Ng6 33.Nd2 Qg7 34.Qe3 g4 35.f4 c4 36.f5 Ne5
37.fxe6 fxe6 38.Rbc1 g3 39.Qxg3 Qxg3 40.hxg3 Nh5 41.Bd4 Bf6 42.Nd6 Nxg3+
43.Kg1 Rcf8 44.N6xc4 Nxc4 45.Bxf6+ Rxf6 46.Bxc4 Nxe4 47.Nxe4 Bxe4 48.Bf1 Bd5
49.a5 Rf7  1/2-1/2

[Event "JUG-Cup qual"]
[Site "Arandjelovac"]
[Date "1991.??.??"]
[Round "2"]
[White "Raicevic, Ivica"]
[Black "Popovic, Djordje"]
[Result "1-0"]
[WhiteElo "2350"]
[BlackElo "2280"]

1.c4 Nf6 2.Nc3 e6 3.Nf3 c5 4.g3 b6 5.Bg2 Bb7 6.O-O d6 7.d4 cxd4 8.Qxd4 a6
9.Bg5 Nbd7 10.Rfd1 Be7 11.Bxf6 Nxf6 12.Ng5 Bxg2 13.Kxg2 Qc7 14.Nge4 Rd8 15.Rac1 O-O
16.f3 Rd7 17.b3 Rb8 18.Qe3 Rc8 19.a4 Qb8 20.Nxf6+ Bxf6 21.Ne4 Be7 22.Qf4 Rcd8
23.h4 h6 24.Rc3 b5 25.axb5 axb5 26.c5 e5 27.Qf5 Rc7 28.Rcd3 g6 29.Qh3 d5
30.Rxd5 f5 31.Nd6 Bxd6 32.Rxd6 Rxd6 33.Rxd6 Qe8 34.h5 e4 35.Rxg6+ Kh7 36.Qxf5 exf3+
37.exf3 Qe2+ 38.Kh3  1-0

[Event "AUT-chT"]
[Site "?"]
[Date "1991.??.??"]
[Round "?"]
[White "Baumgartner, Heinz"]
[Black "Herzog, Adolf"]
[Result "1/2-1/2"]
[WhiteElo "2345"]
[BlackElo "2350"]

1.Nf3 c5 2.c4 Nf6 3.Nc3 e6 4.e3 d5 5.d4 dxc4 6.Bxc4 a6 7.O-O b5 8.Bb3 Bb7
9.Qe2 Nbd7 10.Rd1 Qc7 11.d5  1/2-1/2

[Event "AUT-chT"]
[Site "?"]
[Date "1991.??.??"]
[Round "?"]
[White "Stohl, Igor"]
[Black "Duer, Arne"]
[Result "1-0"]
[WhiteElo "2530"]
[BlackElo "2390"]

1.Nf3 c5 2.c4 Nf6 3.Nc3 e6 4.g3 b6 5.Bg2 Bb7 6.O-O Be7 7.d4 cxd4 8.Qxd4 d6
9.b3 Nbd7 10.Nb5 d5 11.cxd5 Bxd5 12.Bf4 O-O 13.Rac1 Bc5 14.Qa1 Qe7 15.Nc7 Bxf3
16.Bxf3 Rad8 17.Na6 Bd6 18.Bxd6 Qxd6 19.a3 e5 20.Rfd1 Qe6 21.Qb1 e4 22.Bg2 e3
23.f4 h5 24.Nc7 Qe7 25.b4 h4 26.Qf5 hxg3 27.hxg3 g6 28.Qg5 Kg7 29.Bf3 Rh8
30.Kg2 Rh6 31.Rh1 Rdh8 32.Nd5 Nxd5 33.Rxh6 Rxh6 34.Qxe7 Nxe7 35.Rc7 Nf5 36.Rxd7 g5
37.Bg4 Nd6 38.Rxa7 gxf4 39.gxf4 Nc4 40.Kf3 Rd6 41.a4 Kf6 42.Bh5 Rd1 43.Rxf7+ Ke6
44.Rc7 Rf1+ 45.Ke4 Nd6+ 46.Kxe3 Rb1 47.Bg4+ Kd5 48.Bf3+ Ke6 49.a5 Rxb4 50.a6 Ra4
51.a7 Nb5 52.Rc6+ Ke7 53.Rxb6 Nxa7 54.f5 Ra5 55.Kf4 Nc8 56.Re6+ Kd7 57.Bc6+ Kc7
58.e4 Ra1 59.Bd5 Nd6 60.Ke5 Ra6 61.f6 Kd7 62.Rxd6+ Rxd6 63.f7 Rxd5+ 64.exd5 Ke7
65.f8=Q+ Kxf8 66.Kd6 Ke8 67.Kc7  1-0

[Event "AUT-chT"]
[Site "?"]
[Date "1991.??.??"]
[Round "?"]
[White "Duer, Arne"]
[Black "Jurek, Josef"]
[Result "1/2-1/2"]
[WhiteElo "2390"]
[BlackElo "2320"]

1.c4 Nf6 2.Nc3 c5 3.Nf3 e6 4.g3 b6 5.Bg2 Bb7 6.O-O Be7 7.d4 cxd4 8.Qxd4 d6
9.b3 Nbd7 10.Nb5 Nc5 11.Rd1 Nfe4 12.Qe3 a6 13.Nbd4 Qc7 14.Bb2 O-O 15.Rac1 Rad8
16.b4 Nd7 17.Nb3 Rfe8 18.a3 Ndf6 19.h3 Bf8 20.a4 Qb8 21.Bxf6 Nxf6 22.b5 d5
23.Qxb6 dxc4 24.Rxd8 Rxd8 25.Na5 Bxf3 26.Qxb8 Rxb8 27.Bxf3 axb5  1/2-1/2

[Event "AUT-chT"]
[Site "?"]
[Date "1991.??.??"]
[Round "?"]
[White "Yewdokimov, Oleg"]
[Black "Herndl, Harald"]
[Result "1/2-1/2"]
[WhiteElo "2375"]
[BlackElo "2300"]

1.Nf3 Nf6 2.c4 c5 3.Nc3 b6 4.g3 g6 5.Bg2 Bb7 6.O-O Bg7 7.d4 cxd4 8.Nxd4 Bxg2
9.Kxg2 Qc8 10.b3 Nc6 11.Bb2 O-O 12.Nf3 Qb7 13.Kg1 Rfd8 14.Qd2 e6 15.Rad1  1/2-1/2

[Event "AUT-chT"]
[Site "?"]
[Date "1991.??.??"]
[Round "?"]
[White "Vukic, Milan"]
[Black "Plachetka, Jan"]
[Result "1-0"]
[WhiteElo "2495"]
[BlackElo "2425"]

1.Nf3 c5 2.c4 Nf6 3.Nc3 b6 4.g3 Bb7 5.Bg2 g6 6.O-O Bg7 7.d4 cxd4 8.Qxd4 d6
9.Be3 Nbd7 10.Rac1 Rc8 11.b3 a6 12.Rfd1 O-O 13.Qd2 Re8 14.Bh3 Rc7 15.Nd4 Qa8
16.f3 Ne5 17.Bf2 e6 18.Na4 b5 19.cxb5 Rxc1 20.Rxc1 axb5 21.Nxb5 Bxf3 22.Nc7 Qb7
23.Nxe8 Nxe8 24.Qc2 Bxe2 25.Qxe2 Nf3+ 26.Kf1 Nxh2+ 27.Ke1 Nf3+ 28.Kd1 Qd5+
29.Kc2 Nc7 30.Bf1 Nb5 31.Qxb5 Qd2+ 32.Kb1 Qxf2 33.Qe8+ Bf8 34.Rc8 Nd2+ 35.Kc1 Qxf1+
36.Kxd2 Qg2+ 37.Kc1  1-0

[Event "AUT-chT"]
[Site "?"]
[Date "1991.??.??"]
[Round "?"]
[White "Hanel, Reinhard"]
[Black "Kostic, Vladimir"]
[Result "1/2-1/2"]
[WhiteElo "2370"]
[BlackElo "2375"]

1.c4 Nf6 2.Nc3 c5 3.Nf3 g6 4.d4 Bg7 5.e4 O-O 6.Be2 d6 7.O-O Nc6 8.d5 Nb8
9.h3 Na6 10.Be3 Nc7 11.a3 b6 12.Rb1 e6 13.b4 exd5 14.cxd5 Nd7 15.Qd2 Re8
16.Bd3 Ba6 17.Bxa6 Nxa6 18.Bf4 Nc7 19.Rfe1 Rc8 20.Rbc1 a6 21.Qd3 Qf6 22.Qd2 Nb5
23.Na4 Qd8 24.Qd3 h6 25.Bg3 Rb8 26.Rc2 Qe7 27.Nb2 Ne5 28.Nxe5 Bxe5 29.Bxe5 Qxe5
30.Nc4 Qf6 31.Rcc1 Nd4 32.Qg3 Red8 33.e5 dxe5 34.Nxe5 Rbc8 35.bxc5 bxc5 36.Ng4 Qg5
37.f4 Nf5 38.fxg5 Nxg3 39.Nxh6+ Kf8 40.Kf2 Nf5 41.Nxf5 gxf5 42.Re5 c4 43.Ke3 Rb8
44.Kd4 Rb2 45.Rxc4 Rd2+ 46.Ke3 Rxg2 47.Rxf5 Rg3+ 48.Kf4 Rxh3 49.Rc7 Kg8 50.Rcxf7 Rxa3
51.Ra7 Ra1 52.Re5 Rd1 53.Rxa6 R1xd5 54.Ree6 R5d7  1/2-1/2

[Event "AUT-chT"]
[Site "?"]
[Date "1991.??.??"]
[Round "?"]
[White "Stohl, Igor"]
[Black "Klinger, Josef"]
[Result "1-0"]
[WhiteElo "2550"]
[BlackElo "2470"]

1.Nf3 c5 2.c4 Nf6 3.Nc3 e6 4.g3 Be7 5.Bg2 O-O 6.O-O a6 7.b3 d6 8.Bb2 Nbd7
9.d4 cxd4 10.Nxd4 Qc7 11.Qd2 Rd8 12.a4 Ne5 13.Rfc1 Bd7 14.a5 Rac8 15.Na4 Bxa4
16.Rxa4 Qb8 17.e4 Nfd7 18.Raa1 Nc6 19.Rab1 Bf6 20.Nxc6 bxc6 21.Bxf6 Nxf6
22.b4 Qc7 23.b5 Nd7 24.b6 Qb8 25.c5 Nxc5 26.e5 dxe5 27.Qxd8+ Rxd8 28.Rxc5 f5
29.Rxc6 e4 30.b7 Kf7 31.Rxa6 Qc7 32.Ra8 Qc2 33.b8=Q Rxb8 34.Raxb8 Qa2 35.R8b5 g5
36.Re1 Qa4 37.Reb1 Kf6 38.Rc5 f4 39.gxf4 gxf4 40.Bf1 e3 41.Rc4 Qa2 42.Rxf4+ Kg5
43.Rbb4 e2 44.Bxe2 Qxe2 45.Rfe4 Qd1+ 46.Kg2 Qd5 47.a6 Kf6 48.a7 Qg5+ 49.Kh3 Qh5+
50.Kg3 Qg6+ 51.Rg4 Qd3+ 52.f3 Qd5 53.Rb8 Qe5+ 54.Rf4+ Kg7 55.Rg8+  1-0

[Event "AUT-chT"]
[Site "?"]
[Date "1991.??.??"]
[Round "?"]
[White "Yewdokimov, Oleg"]
[Black "Herzog, Adolf"]
[Result "0-1"]
[WhiteElo "2375"]
[BlackElo "2350"]

1.Nf3 Nf6 2.c4 c5 3.Nc3 e6 4.e3 d5 5.d4 dxc4 6.Bxc4 a6 7.O-O b5 8.Be2 Nbd7
9.a3 Bb7 10.dxc5 Bxc5 11.b4 Ba7 12.Bb2 Ng4 13.h3 h5 14.Nd4 Qg5 15.Bxg4 hxg4
16.Qxg4 Qxg4 17.hxg4 Ne5 18.a4 Bxd4  0-1

[Event "GER-ch"]
[Site "Bad Neuenahr"]
[Date "1991.??.??"]
[Round "10"]
[White "Serrer, Christoph"]
[Black "Hort, Vlastimil"]
[Result "0-1"]
[WhiteElo "2305"]
[BlackElo "2540"]

1.Nf3 Nf6 2.c4 c5 3.Nc3 d5 4.cxd5 Nxd5 5.d4 e6 6.g3 Nxc3 7.bxc3 b6 8.Bg2 Bb7
9.O-O Be7 10.a4 O-O 11.Ba3 Qc7 12.e3 Nc6 13.Qe2 Na5 14.Rfd1 Rac8 15.h4 Rfd8
16.Ne5 Bd6 17.Bxb7 Qxb7 18.Ng4 cxd4 19.Bxd6 Rxd6 20.cxd4 Rdc6 21.e4 Rc2 22.Qe3 h5
23.Ne5 f6 24.Nd3 R8c3 25.Qf3 Nb3 26.Qxh5 Qf7 27.Qf3 Nxa1 28.Rxa1 Rd2  0-1

[Event "Baden-Baden op"]
[Site "Baden-Baden"]
[Date "1991.??.??"]
[Round "8"]
[White "Holmsgaard, Henrik"]
[Black "Wilson, Jonathan"]
[Result "1/2-1/2"]
[WhiteElo "2295"]
[BlackElo "2210"]

1.Nf3 Nf6 2.c4 e6 3.Nc3 c5 4.g3 b6 5.Bg2 Bb7 6.O-O Be7 7.Re1 d6 8.e4 O-O
9.d4 cxd4 10.Nxd4 Qc8 11.Be3 a6 12.Rc1 Nbd7 13.f4 Qc7 14.Nd5 exd5 15.cxd5 Qd8
16.Nc6 Bxc6 17.dxc6 Nc5 18.c7 Qc8 19.e5 dxe5 20.b4 Ncd7 21.fxe5 Nxe5 22.Bd4 Ng6
23.Qf3 Qd7 24.Bxf6 Bxf6 25.Qxa8 Rxa8 26.Bxa8 Bd4+ 27.Kg2 Bc5 28.bxc5 Qxc7
29.Re8+ Nf8 30.c6 f6 31.Rd1 Kf7 32.Red8 Qe5 33.R1d2 Qe4+ 34.Kf2 Qf5+ 35.Kg1 Ne6
36.R8d7+ Kg6 37.Bb7 Qe5 38.R2d5 Qe1+ 39.Kg2 Qe4+ 40.Kg1 Qe1+ 41.Kg2  1/2-1/2

[Event "JUG-ch"]
[Site "Banja Vrucica"]
[Date "1991.??.??"]
[Round "?"]
[White "Sinanovic, Muhamed"]
[Black "Mujagic, Ramo"]
[Result "0-1"]
[WhiteElo "2435"]
[BlackElo "2315"]

1.c4 c5 2.Nc3 Nf6 3.Nf3 g6 4.e4 d6 5.d4 cxd4 6.Nxd4 Bg7 7.Be2 O-O 8.O-O Nc6
9.Nc2 Nd7 10.Bd2 Nc5 11.f3 Nd4 12.Nxd4 Bxd4+ 13.Kh1 Bg7 14.Rc1 a5 15.b3 Bd7
16.Bg5 h6 17.Be3 Bc6 18.Qd2 Kh7 19.Nd5 e6 20.Nc3 Qe7 21.Rfd1 Rfd8 22.Bf1 b6
23.Bf4 Be5 24.Ne2 Bxf4 25.Qxf4 e5 26.Qe3 Rab8 27.Rd2 Kg7 28.Rcd1 h5 29.Kg1 h4
30.Qc3 f6 31.a3 Ne6 32.b4 axb4 33.Qxb4 Nc5 34.Nc3 Qc7 35.Nd5 Bxd5 36.cxd5 Ra8
37.Bb5 Ra5 38.Bc6 Qa7 39.Rb2 b5 40.Kh1 Rb8 41.Qe1 Rxa3 42.Qxh4 Nd3 43.Rbd2 Qe3
44.h3 b4 45.Qg4 Nc5 46.Rc2 Qf4 47.Qxf4 exf4 48.Kg1 b3 49.Rb2 Ra2 50.Rdb1 Rxb2
51.Rxb2 Nd3 52.Rb1 b2 53.Ba4 Nc1 54.Bc2 Ne2+ 55.Kf2 Nc3 56.Re1 b1=Q 57.Bxb1 Rb2+  0-1

[Event "Beersheba"]
[Site "Beersheba"]
[Date "1991.??.??"]
[Round "?"]
[White "Fishbein, Alexander"]
[Black "Pinter, Jozsef"]
[Result "1/2-1/2"]
[WhiteElo "2465"]
[BlackElo "2565"]

1.c4 Nf6 2.Nf3 c5 3.Nc3 d5 4.cxd5 Nxd5 5.d4 e6 6.e4 Nxc3 7.bxc3 cxd4 8.cxd4 Nc6
9.a3 Be7 10.Be2 O-O 11.O-O b6 12.Bf4 Bf6 13.e5 Be7 14.Bd3 Bb7 15.Be4 Qd7
16.Qd3 g6 17.Bg5 Rfd8 18.Rfd1 Na5 19.Bxb7 Qxb7 20.Qe3 Nc4 21.Qf4 b5 22.Rd3 Nb6
23.Qh4 Nd5 24.Bxe7 Qxe7 25.Ng5 h5 26.Rf3 Rf8 27.Re1 Rae8 28.g4 f6 29.exf6 Rxf6
30.Rxf6 Qxf6 31.gxh5 Nf4 32.hxg6 Re7 33.Re4 Nxg6 34.Qg3 Qf5 35.Rg4 Kg7 36.Nf3 Kf6
37.Ne5 Rg7 38.Kh1 a5 39.Nxg6 Rxg6 40.Rxg6+ Qxg6 41.Qe5+ Kf7 42.Qc7+ Kf6 43.Qd8+ Kf7
44.Qc7+ Kf6 45.Qd8+ Kf7 46.Qxa5 Qe4+ 47.Kg1 Qg6+ 48.Kf1 Qd3+ 49.Ke1 Qe4+
50.Kd1 Qxd4+ 51.Qd2 Qa4+ 52.Ke2 Qg4+ 53.Ke3 Qg5+ 54.Kd3 Qe5 55.Kc2 Qxh2 56.Kb3 Qc7
57.Qd4 Qa5 58.Qb4 Qa6 59.Qf4+ Ke8 60.Qd4 Qa5  1/2-1/2

[Event "CHN-CIS"]
[Site "Beijing"]
[Date "1991.??.??"]
[Round "?"]
[White "Xu Jun"]
[Black "Anastasian, Ashot"]
[Result "1-0"]
[WhiteElo "2535"]
[BlackElo "2485"]

1.c4 Nf6 2.Nc3 c5 3.Nf3 e6 4.d4 cxd4 5.Nxd4 a6 6.a3 b6 7.e4 d6 8.Be2 Bb7
9.f3 Nbd7 10.O-O Be7 11.Be3 O-O 12.Rc1 Rc8 13.Kh1 Rc7 14.Na4 Qb8 15.b4 Rfc8
16.Qd2 Ba8 17.Nb3 Bc6 18.Nb2 h6 19.a4 Ba8 20.Rfd1 a5 21.bxa5 bxa5 22.Nd4 Nc5
23.Rb1 Nfxe4 24.fxe4 Bxe4 25.Nb5 Bxb1 26.Rxb1 Bf6 27.Qxa5 Rc6 28.Qe1 d5 29.cxd5 exd5
30.Nd3 Nxd3 31.Bxd3 Re8 32.Qf2 Qa8 33.Ba7 Qc8 34.Rf1 Rc1 35.Nd6  1-0

[Event "Belgorod"]
[Site "Belgorod"]
[Date "1991.??.??"]
[Round "?"]
[White "Panchenko, Alexander N"]
[Black "Zelcic, Robert"]
[Result "0-1"]
[WhiteElo "2445"]
[BlackElo "2415"]

1.c4 Nf6 2.Nc3 e6 3.Nf3 c5 4.g3 Nc6 5.Bg2 d5 6.cxd5 exd5 7.d4 Be7 8.O-O O-O
9.Bg5 cxd4 10.Nxd4 h6 11.Be3 Re8 12.Rc1 Bg4 13.Nxc6 bxc6 14.Na4 Qa5 15.f3 Bf5
16.Bc5 Qb5 17.Re1 Nd7 18.Bxe7 Rxe7 19.b3 Re3 20.Bf1 Qb4 21.Rxc6 Ne5 22.Rc1 d4
23.Kf2 Re8 24.Nb2 Nxf3 25.Nc4 Nxe1 26.Qxe1 Qe7 27.Qd2 Qg5 28.Rd1 Qh5 29.h3 Qg5
30.Kg1 Rxg3+ 31.Bg2 Rxg2+  0-1

[Event "Belgorod"]
[Site "Belgorod"]
[Date "1991.??.??"]
[Round "?"]
[White "Novikov, Igor A"]
[Black "Wegner, Hannu"]
[Result "1-0"]
[WhiteElo "2545"]
[BlackElo "2435"]

1.Nf3 Nf6 2.c4 c5 3.Nc3 e6 4.g3 b6 5.Bg2 Bb7 6.O-O a6 7.Re1 Be7 8.e4 d6 9.d4 cxd4
10.Nxd4 Qc7 11.b3 b5 12.Ba3 bxc4 13.bxc4 Nbd7 14.Rb1 Rb8 15.Ndb5 axb5 16.Nxb5 Qc6
17.Nxd6+ Bxd6 18.Qxd6 Ng8 19.Rbd1 Rc8 20.Qb4 Ba8 21.Rxd7  1-0

[Event "Belgorod"]
[Site "Belgorod"]
[Date "1991.??.??"]
[Round "?"]
[White "Panchenko, Alexander N"]
[Black "Wegner, Hannu"]
[Result "1-0"]
[WhiteElo "2445"]
[BlackElo "2435"]

1.Nf3 Nf6 2.c4 c5 3.Nc3 g6 4.d4 cxd4 5.Nxd4 Bg7 6.e4 d6 7.Be2 Nc6 8.Be3 O-O
9.O-O Nxd4 10.Bxd4 Bd7 11.Qd2 Bc6 12.f3 Nd7 13.Bf2 a5 14.b3 f5 15.exf5 gxf5
16.Rae1 Nc5 17.Bd1 e5 18.Nd5 Rf7 19.a3 Qf8 20.b4 axb4 21.axb4 Bh6 22.Qc3 Na4
23.Bxa4 Bxd5 24.Bb5 Be6 25.Qd3 Bd7 26.Bxd7 Rxd7 27.Rxe5 dxe5 28.Qxd7 Qxb4
29.Qd6 Qxc4 30.Qxh6  1-0

[Event "Belgorod-B"]
[Site "Belgorod"]
[Date "1991.??.??"]
[Round "?"]
[White "Petrosian, Karen"]
[Black "Panchenko, Alexandar G"]
[Result "1/2-1/2"]
[WhiteElo "2275"]
[BlackElo "2430"]

1.Nf3 Nf6 2.c4 e6 3.Nc3 c5 4.g3 b6 5.Bg2 Bb7 6.O-O Be7 7.b3 O-O 8.d4 cxd4
9.Nxd4 Bxg2 10.Kxg2 d5 11.cxd5 Nxd5 12.Bb2 Nxc3 13.Bxc3 Qd5+ 14.f3 Nd7 15.e4 Qb7
16.Qe2 Rac8  1/2-1/2

[Event "Belgrade op"]
[Site "Belgrade"]
[Date "1991.??.??"]
[Round "?"]
[White "Vukanovic, Sasa"]
[Black "Djoric, Dusan"]
[Result "1/2-1/2"]
[WhiteElo "2255"]
[BlackElo "2350"]

1.Nf3 Nf6 2.c4 c5 3.Nc3 g6 4.d4 cxd4 5.Nxd4 Bg7 6.e4 O-O 7.Be2 Nc6 8.Be3 d6
9.O-O Bd7 10.Nc2 a5 11.a4 Nb4 12.Nd4 Bc6 13.f3 Nd7 14.Rc1 Nc5 15.Re1 Qb6
16.Bf1 Rfc8 17.b3 Bf6 18.Ndb5 Qd8 19.Nd5 Bxd5 20.exd5 Qf8 21.Bd4 Qg7 22.Rc3 Re8
23.Rce3 Bxd4 24.Nxd4 Kf8 25.Nb5 Rac8 26.Qe2 Qf6 27.f4 e5  1/2-1/2

[Event "Belgrade op"]
[Site "Belgrade"]
[Date "1991.??.??"]
[Round "?"]
[White "Mijailovic, Zoran"]
[Black "Jovanovic, Sasa D"]
[Result "1-0"]
[WhiteElo "2330"]
[BlackElo "2235"]

1.Nf3 Nf6 2.c4 c5 3.Nc3 b6 4.e3 e6 5.d4 cxd4 6.exd4 d6 7.Bd3 Be7 8.O-O O-O
9.Re1 Bb7 10.a3 Nbd7 11.b4 Re8 12.d5 e5 13.Nd2 a6 14.Nb3 Rc8 15.a4 a5 16.bxa5 bxa5
17.Nb5 e4 18.Bf1 Ne5 19.Bd2 Nxc4 20.Bxc4 Rxc4 21.Nxa5 Bxd5 22.Nxc4 Bxc4 23.Nd4 Nd5
24.Rxe4 Bd3 25.Nc6 Qd7 26.Nxe7+ Nxe7 27.Re3 Ba6 28.Qe1 Kf8 29.Bb4 Nf5 30.Rxe8+ Qxe8
31.Qxe8+ Kxe8 32.Bc3 g6 33.Rb1 Kd7 34.Rb6 Bc4 35.a5 Kc7 36.Bf6 h5 37.g3 h4
38.g4 Nh6 39.h3  1-0

[Event "Belgrade op"]
[Site "Belgrade"]
[Date "1991.??.??"]
[Round "?"]
[White "Vukanovic, Sasa"]
[Black "Grujic, Lazar"]
[Result "0-1"]
[WhiteElo "2255"]
[BlackElo "2365"]

1.Nf3 Nf6 2.c4 g6 3.Nc3 c5 4.d4 cxd4 5.Nxd4 Nc6 6.e4 d6 7.Be2 Bg7 8.Be3 O-O
9.O-O Bd7 10.Nc2 a5 11.f3 a4 12.Qd2 Qa5 13.Rab1 Nb4 14.Rbc1 Nxc2 15.Rxc2 Rac8
16.c5 Be6 17.cxd6 exd6 18.Rfc1 Bb3 19.Qxd6 Bxc2 20.Bb6 Ne8 21.Bxa5 Nxd6 22.Bb4 Nxe4
23.fxe4 Bxe4 24.a3 Bc6 25.Rf1 Bd4+ 26.Kh1 Bg7  0-1

[Event "Belgrade-B"]
[Site "Belgrade"]
[Date "1991.??.??"]
[Round "9"]
[White "Nikcevic, Nebojsa"]
[Black "Manic, Jovica"]
[Result "1-0"]
[WhiteElo "2440"]
[BlackElo "2350"]

1.Nf3 Nf6 2.c4 c5 3.Nc3 d5 4.cxd5 Nxd5 5.e3 e6 6.d4 cxd4 7.exd4 Be7 8.Bd3 O-O
9.O-O b6 10.Nxd5 exd5 11.Ne5 Bf6 12.Bf4 Ba6 13.Rc1 Bxd3 14.Qxd3 Bxe5 15.dxe5 Qd7
16.Rfd1 Qa4 17.Qg3 Qe4 18.f3 Qf5 19.Bh6 Qg6 20.Qxg6 hxg6 21.Be3 Na6 22.Rxd5 Rfe8
23.a3 Re7 24.Bg5 Re6 25.b4 Rae8 26.Bf4 R6e7 27.Rd6 Nc7 28.h4 Ne6 29.Bd2 Rc7
30.Rxc7 Nxc7 31.Rd7 Rc8 32.a4 Kf8 33.b5 Ke8 34.e6 Nxe6 35.Rxa7 Nc7 36.Be3 Nd5
37.Bd4 Rc1+ 38.Kh2 Rc4 39.Bf2 Rb4 40.Kg3 Nc3 41.Bxb6 Nxa4 42.Bf2 Nc3 43.b6 Rb3
44.Kh2  1-0

[Event "Belgrade-C"]
[Site "Belgrade"]
[Date "1991.??.??"]
[Round "9"]
[White "Jovicic, Milos"]
[Black "Marinkovic, Slavisa"]
[Result "1/2-1/2"]
[WhiteElo "2335"]
[BlackElo "2335"]

1.Nf3 Nf6 2.c4 c5 3.Nc3 b6 4.g3 Bb7 5.Bg2 g6 6.O-O Bg7 7.d4 cxd4 8.Qxd4 d6
9.Be3 Nbd7 10.Rac1 Rc8 11.b3 O-O 12.Qd2 a6 13.Bh3 Rc7 14.Nd4 Ne4 15.Nxe4 Bxe4
16.f3 Bb7 17.Bf2 Qb8 18.e4 Rd8 19.Rfd1 Ba8 20.Be3 Nc5 21.Qe2 Re8 22.b4 Na4
23.Qc2 b5 24.Qb3 e5 25.Ne2 Nb6 26.cxb5 Rxc1 27.Nxc1 axb5 28.Bf1 Bc6 29.Bf2 Bd7
30.Ne2 Be6 31.Qa3 Na4 32.Nc3 Nxc3 33.Qxc3 Bxa2 34.Qc6 Bf8 35.Ra1 Rc8 36.Qxb5 Qxb5
37.Bxb5 Be6 38.Bf1 Rb8 39.b5 d5 40.exd5 Bxd5 41.Be2 Be7 42.Rd1 Bb7 43.Rd7 Kf8
44.Ba7 Ra8 45.b6 Bc8 46.Rc7 Bd6 47.Rc3 Bb7 48.Bb5 Ke7 49.Kf1 Rc8 50.Rxc8  1/2-1/2

[Event "Kreuzberg"]
[Site "Berlin"]
[Date "1991.??.??"]
[Round "9"]
[White "Lagunow, Alexander"]
[Black "Mattick, Lutz"]
[Result "1-0"]
[WhiteElo "2445"]
[BlackElo "2220"]

1.Nf3 c5 2.c4 Nf6 3.Nc3 g6 4.d4 cxd4 5.Nxd4 Bg7 6.g3 O-O 7.Bg2 Nc6 8.O-O Nxd4
9.Qxd4 d6 10.Qd3 Be6 11.Bxb7 Rb8 12.Bg2 Ng4 13.b3 Qa5 14.Bd2 Qh5 15.h3 Ne5
16.g4 Nxd3 17.gxh5 Bxc3 18.Bxc3 Nf4 19.Bf3 Bxh3 20.Rfd1 Bf5 21.Kh2 Ne6 22.Rd5 Ng5
23.Bh1 Ne4 24.Rxf5 Nxc3 25.Ra5 Nxe2 26.Re1 Nf4 27.Rxe7 Nxh5 28.Raxa7 Nf6
29.Rab7 Rbc8 30.Rb6 Rfd8 31.a4 Rc5 32.Rb5 Kf8 33.Ra7 Re8 34.Ra8 Rxa8 35.Bxa8 Nd7
36.a5 Rc7 37.Bb7  1-0